Estatísticas para Quiz do Mapa do Oriente Médio

Clique aqui para jogar o quiz

Estatísticas Gerais

  • Esse quiz foi jogado 10 511 vezes
    (7 979 desde o último reset)
  • A pontuação média é 12 de 17

Respostas no mapa

Respostas codificadas por cores de uma escala verde-vermelha no mapa do quiz de acordo com a % correta abaixo.
Carregando ...
 

Estatísticas das Respostas

Resposta% Correto
Egito
92%
Turquia
86%
Arábia Saudita
86%
Chipre
83%
Omã
76%
Irã
75%
Iraque
74%
Emirados Árabes Unidos
74%
Israel
71%
Iêmen
69%
Catar
66%
Bahrein
66%
Territórios Palestinianos
65%
Síria
64%
Kuwait
62%
Jordânia
62%
Líbano
59%

Distribuição das Pontuações

Percentil de Números Respondidos

Porcentagem de Pessoas com Cada Pontuação

Sua Pontuação Histórica

Você não jogou esse quiz desde o último reset